Guarderías / (Registro nro. 54601)

Detalles MARC
000 -LEADER
campo de control de longitud fija 02447cam a22004094i 4500
003 - IDENTIFICADOR DE NÚMERO DE CONTROL
campo de control PE-LiUPU
005 - FECHA Y HORA DE LA ÚLTIMA TRANSACCIÓN
campo de control 20250731183437.0
008 - DATOS DE LONGITUD FIJA--INFORMACIÓN GENERAL
campo de control de longitud fija 150706s r 000 0 d
022 ## - NÚMERO INTERNACIONAL NORMALIZADO PARA PUBLICACIONES SERIADAS
Número Internacional Normalizado para Publicaciones Seriadas ISNN: 1578-5769
035 ## - NÚMERO DE CONTROL DEL SISTEMA
Número de control de sistema (Sirsi) s1578-5769
040 ## - FUENTE DE CATALOGACIÓN
Centro catalogador/agencia de origen PE-LiUPU
Lengua de catalogación spa
Centro/agencia transcriptor PE-LiUPU
Normas de descripción rda
049 ## - FONDOS LOCALES (OCLC)
Biblioteca depositaria PRUA
082 04 - NÚMERO DE LA CLASIFICACIÓN DECIMAL DEWEY
Número de clasificación 725.57
Cutter G8
Número de edición 21
245 01 - MENCIÓN DEL TÍTULO
Título Guarderías /
Mención de responsabilidad, etc. editado por Christian Schittich ; Elena Sarachu.
250 ## - MENCION DE EDICION
Mención de edición aEdición española.
264 #1 - PRODUCCIÓN, PUBLICACIÓN, DISTRIBUCIÓN, FABRICACIÓN Y COPYRIGHT
Producción, publicación, distribución, fabricación y copyright Bilbao :
Nombre del de productor, editor, distribuidor, fabricante Reed Business Information,
Fecha de producción, publicación, distribución, fabricación o copyright 2008.
300 ## - DESCRIPCIÓN FÍSICA
Extensión páginas 790- 922 :
Otras características físicas ilustraciones ;
Dimensiones 30 cm.
336 ## - TIPO DE CONTENIDO
Término de tipo de contenido text
Fuente rdacontent
337 ## - TIPO DE MEDIO
Nombre/término del tipo de medio unmediated
Fuente rdamedia
338 ## - TIPO DE SOPORTE
Nombre/término del tipo de soporte volume
Fuente rdacarrier
505 0# - NOTA DE CONTENIDO CON FORMATO
Nota de contenido con formato Debate -- Mucha experiencia para tan pocos años -- Guarderías y centros de atención infantil en el Reino Unido -- Jardines de infancia en Finlandia -- Instituciones para los niños en Francia -- Reportajes -- 100 villas en Ordos, China -- Libros. Exposiciones -- Tipología -- Guardería y centro de innovación para la infancia en Paterna -- Guarderías de día: entre asistencia social y autodeterminación -- Escuela infantil en Murcia -- Rehabilitación de la guardería "Árbol de los sueños" en Berlín -- Guardería de empresa en Verona -- Guardería en Egg -- Guardería y jardín de infancia en Bicesse, Estoril -- Guardería y jardín de infancia en Covolo -- Escuela infantil en Darmstadt -- Guardería en St. Michael / Eppan -- Escuela infantil en Marmoutier -- Guardería municipal en Polinyá -- Proceso -- Jardín de infancia en Tokio -- Escuela infantil y centro de día en Innsbruck -- Productos -- Guarderías -- Mobiliario para niños -- Aplicaciones en escuelas infantiles -- Cocinas.
526 ## - NOTA DE INFORMACIÓN SOBRE EL PROGRAMA DE ESTUDIO
Nombre del programa Maestría Bim Facility Management (A distancia)
526 ## - NOTA DE INFORMACIÓN SOBRE EL PROGRAMA DE ESTUDIO
Nombre del programa
526 ## - NOTA DE INFORMACIÓN SOBRE EL PROGRAMA DE ESTUDIO
Nombre del programa Educación musical y artes
526 ## - NOTA DE INFORMACIÓN SOBRE EL PROGRAMA DE ESTUDIO
Nombre del programa Educación, especialidad educación física
526 ## - NOTA DE INFORMACIÓN SOBRE EL PROGRAMA DE ESTUDIO
Nombre del programa Arquitectura
541 ## - NOTA DE FUENTE DE ADQUISICIÓN DIRECTA
-- 004-000771;
596 ## -
-- 1
650 04 - PUNTO DE ACCESO ADICIONAL DE MATERIA--TÉRMINO DE MATERIA
Término de materia o nombre geográfico como elemento de entrada Guarderías
Subdivisión general Diseño y construcción.
700 1# - ENTRADA AGREGADA--NOMBRE PERSONAL
Nombre de persona Schittich, Christian,
Término indicativo de función/relación ed.
700 1# - ENTRADA AGREGADA--NOMBRE PERSONAL
Nombre de persona Sarachu, Elena,
Término indicativo de función/relación ed.
910 ## - DATOS DE OPCIÓN DEL USUARIO (OCLC)
Datos de opción del usuario fsr20130108
942 ## - ELEMENTOS DE ENTRADA SECUNDARIOS (KOHA)
Fuente del sistema de clasificación o colocación Clasificación Decimal Dewey
Tipo de ítem Koha
949 ## - PROCESAMIENTO DE INFORMACIÓN LOCAL (OCLC)
a 725.57 G8
w DEWEY
c 1
i 66340
l CCODEBUL1
m BUL
p 37.00
r 0
s Y
t BOOK
u 2015-7-6
x INGENIERIA
-- P06
o .STAFF. Colección General
994 ## -
-- C0
-- PEPRU
999 ## - NÚMEROS DE CONTROL DE SISTEMA (KOHA)
-- DEWEY
-- 66340
-- 2021-11-10
-- 7
-- CCODEBUL1
-- BUL
-- 37.00
-- 0
-- Y
-- BOOK
-- 2015-7-6
-- INGENIERIA
-- P06
-- COMPRA
-- .STAFF. Colección General
980 ## - EQUIVALENCIA O REFERENCIA-CRUZADA-MENCIÓN DE SERIE--NOMBRE DE PERSONA/TÍTULO [LOCAL, CANADÁ]
ID del último usuario que modificó el registro 1
Nombre del último usuario que modificó el registro ALBERTO SANCHEZ Responsable de Automatización
Existencias
Visto por última vez Número de inventario Total de préstamos Signatura topográfica completa Código de barras Copia número Coste, precio de reemplazo Fecha de reemplazo Facultad Tipo de ítem Koha Nota pública Estado de pérdida Fuente del sistema de clasificación o colocación Restricciones de uso No para préstamo Colección Programa académico Biblioteca de origen Biblioteca actual Ubicación en estantería Fecha de adquisición Fuente de adquisición Coste, precio normal de compra
2025-12-03 8   725.57 G8 66340 e1 42.00 2015-07-06 FIA Libros físicos inventario-2023-12-13 No Perdido Clasificación Decimal Dewey No restringido Disponible para préstamos Colección General Arquitectura Biblioteca CRAI UPeU Lima Biblioteca CRAI UPeU Lima Sala principal 2015-07-06 COMPRA 37.00